000 00576nam a22001577a 4500
003 macl
005 20170921150925.0
008 170921b xxu||||| |||| 00| 0 eng d
040 _cmacl
082 _a800/PRE
100 _aगोयनका ,डाॅ. कमल किशोर
_969217
245 _aप्रेमचन्‍द का अप्राप्य साहित्‍य (खण्‍ड ;दो )
260 _aभाेपाल
_bराष्‍ट्रीय प्रकाशन
_c.2016
650 _aरचनावली
_9163
942 _2ddc
_cHIN
999 _c57048
_d57048